|
|
|
|
| LEADER |
00000nam0a2200000 4500 |
| 001 |
79001 |
| 005 |
20231031094130.0 |
| 010 |
|
|
|a 5020137456
|
| 035 |
|
|
|a (RuTPU)RU\TPU\book\84860
|
| 090 |
|
|
|a 79001
|
| 100 |
|
|
|a 20050714d1988 m y0rusy50 ca
|
| 101 |
0 |
|
|a rus
|
| 102 |
|
|
|a RU
|
| 105 |
|
|
|a a j 001zy
|
| 200 |
1 |
|
|a Пособие по математике для поступающих в вузы
|e учебное пособие для поступающих в вузы
|f А. Д. Кутасов [и др.]
|g под ред. Г. Н. Яковлева
|
| 205 |
|
|
|a Изд. 3-е, перераб.
|
| 210 |
|
|
|a Москва
|c Наука
|d 1988
|
| 215 |
|
|
|a 719 с.
|c ил.
|
| 300 |
|
|
|a Авт. указаны на обороте тит.
|
| 610 |
1 |
|
|a математика
|
| 610 |
1 |
|
|a тождества
|
| 610 |
1 |
|
|a тождественные преобразования
|
| 610 |
1 |
|
|a множества
|
| 610 |
1 |
|
|a функции
|
| 610 |
1 |
|
|a уравнения
|
| 610 |
1 |
|
|a алгебраические неравенства
|
| 610 |
1 |
|
|a последовательности
|
| 610 |
1 |
|
|a производные
|
| 610 |
1 |
|
|a тригонометрические уравнения
|
| 610 |
1 |
|
|a системы неравенств
|
| 610 |
1 |
|
|a интегралы
|
| 610 |
1 |
|
|a комплексные числа
|
| 610 |
1 |
|
|a комбинаторика
|
| 610 |
1 |
|
|a математическая индукция
|
| 610 |
1 |
|
|a векторы
|
| 610 |
1 |
|
|a планиметрические задачи
|
| 610 |
1 |
|
|a решения
|
| 610 |
1 |
|
|a плоскость
|
| 610 |
1 |
|
|a пространство
|
| 610 |
1 |
|
|a стереометрия
|
| 610 |
1 |
|
|a тела вращения
|
| 610 |
1 |
|
|a учебные пособия
|
| 675 |
|
|
|a 51(075.4)
|v 3
|
| 701 |
|
1 |
|a Кутасов
|b А. Д.
|g Александр Дмитриевич
|
| 701 |
|
1 |
|a Пиголкина
|b Т. С.
|g Татьяна Сергеевна
|
| 701 |
|
1 |
|a Чехлов
|b В. И.
|g Валерий Иванович
|
| 701 |
|
1 |
|a Яковлева
|b Т. Х.
|g Тамара Харитоновна
|
| 702 |
|
1 |
|a Яковлев
|b Г. Н.
|4 340
|
| 801 |
|
1 |
|a RU
|b 63413507
|c 20050714
|g PSBO
|
| 801 |
|
2 |
|a RU
|b 63413507
|c 20200825
|g PSBO
|
| 942 |
|
|
|c BK
|